| 000 | 00930cab a2200277 4500 | ||
|---|---|---|---|
| 001 | WB2814-36 | ||
| 008 | 090401t1992 xxu||||| |||| 00| 0 eng d | ||
| 035 | _a(Sirsi) u69048 | ||
| 041 | _aeng | ||
| 245 | _aCzech real estate organisation | ||
| 260 | _c1992 | ||
| 350 | _a0 | ||
| 490 |
_aEuropean _v2 April 1992, 27(1) |
||
| 520 | _aA national real estate organisation, ARK, has been established in Czechoslovakia in an attempt to curb corruption and malpractice in the new market. ARK has a code of practice and is applying to become an affiliated member of FIABCI. | ||
| 650 | _aARK | ||
| 650 | _aASSOCIATE REALTNICH KANCELARI | ||
| 650 | _aCODE OF PRACTICE | ||
| 650 | _aCZECHOSLOVAKIA | ||
| 650 | _aEASTERN EUROPE | ||
| 650 | _aFIABCI | ||
| 650 | _aPROFESSIONAL CONDUCT | ||
| 690 | _aOVERSEAS-EUROPE | ||
| 690 | _aMANAGEMENT-BUSINESS MANAGEMENT-PROFESSIONAL PRACTICE | ||
| 942 | _n0 | ||
| 948 | _c04/03/1997 | ||
| 999 |
_c43370 _d43370 |
||